|
|
|
|
| LEADER |
01050Cam#a22002895a#4500 |
| 001 |
026945 |
| 005 |
20160707161457.0 |
| 008 |
141117s2006||||ag # ##b #000|0#spa#d |
| 040 |
|
|
|a AR-BeUNQ
|b spa
|
| 044 |
|
|
|a ag
|
| 082 |
0 |
4 |
|a 615.851
|2 21
|
| 100 |
1 |
|
|a Kicinski, Erica.
|
| 245 |
0 |
0 |
|a Terapia ocupacional en rehabilitación funcional de discapacitados visuales /
|c alumnas, Erica Kicinski, Norma Tufilaro ; profesora, Susana Haddad.
|
| 260 |
|
|
|a
|c 2006.
|
| 300 |
|
|
|a 9 h. ;
|c 31 cm.
|
| 500 |
|
|
|a Trabajo práctico presentado para la materia Pedagogía Especial, Universidad Nacional de Quilmes, 2006.
|
| 500 |
|
|
|a Docente: Susana Haddad.
|
| 504 |
|
|
|a Incluye bibliografía.
|
| 942 |
|
|
|c TP
|n 0
|
| 650 |
|
7 |
|a Trabajos prácticos
|2 toit
|
| 650 |
|
7 |
|a Terapia ocupacional
|2 toit
|
| 650 |
|
7 |
|a Pedagogía
|2 spines
|
| 650 |
|
7 |
|a Rehabilitación
|2 toit
|
| 650 |
|
7 |
|a Personas con discapacidad
|2 toit
|
| 700 |
1 |
|
|a Tufilaro, Norma,
|e aut.
|4 aut
|
| 929 |
|
|
|a DONACION
|b Erica Kicinski
|d 0
|e 20141009
|f PAT0055341
|g 2660 Exp. 827-0387/98
|j 52228
|
| 999 |
|
|
|c 1613
|d 77000
|